| 000 | 00585nam a2200205 a 4500 | ||
|---|---|---|---|
| 001 | 000040293 | ||
| 005 | 20201002034034.0 | ||
| 008 | 130821s1993 sp 000 0 spa d | ||
| 020 | _a8434831007 | ||
| 040 |
_aDO-SdBNP _bspa _cBNPHU |
||
| 100 | 1 |
_aLienas, Gemma _966575 |
|
| 240 | 1 | 0 |
_aAixí és la vida, Carlota _lEspañol |
| 245 | 1 | 0 |
_aAsí es la vida, Carlota / _cGemma Lienas. |
| 250 | _a6a ed. | ||
| 260 |
_aMadrid : _bEdiciones SM, _c1993. |
||
| 300 |
_a154 p. ; _c22 cm. |
||
| 490 | 1 | _aGran Angular | |
| 500 | _aTraducido del idioma catalán | ||
| 830 | 0 |
_aGran Angular _926464 |
|
| 999 |
_c39783 _d39783 |
||